| 000 | 00649nam a2200181Ia 4500 | ||
|---|---|---|---|
| 003 | GCL | ||
| 008 | 140319s9999 xx 000 0 ara d | ||
| 040 |
_aGCL / _cGCL |
||
| 082 | 0 | 4 |
_a491.55 _bس ت |
| 100 | 1 | _aسعد حمود رستم | |
| 245 | 1 | 0 |
_aتعليم الفارسية للجميع : _bمحادثة - تعابير - مصطلحات / _cسعد حمود رستم |
| 260 |
_aسوريا : _bدار القلم العربى ، _c2004 |
||
| 300 |
_a176 ص ؛ _c19 سم |
||
| 490 |
_aاللغات للجميع _v0 |
||
| 650 | 0 | 4 | _aاللغة الفارسية |
| 650 | 0 | 4 | _aاللغة الفارسية - تعليم وتدريس |
| 942 |
_2ddc _cBK |
||
| 999 |
_c10080 _d10080 |
||